| 000 | 00731 a2200253 4500 | ||
|---|---|---|---|
| 001 | 200001508 | ||
| 999 |
_c200001508 _d29585 |
||
| 003 | TR-AnTOB | ||
| 005 | 20230822135123.0 | ||
| 008 | 160507b19749999gw mn0p 0 0 | ||
| 022 | _a0044-2372 | ||
| 041 | _ager | ||
| 050 | _aHD28 | ||
| 099 | _aJOURNAL - BUSI ECO | ||
| 245 | 0 | 0 | _aJournal of Business Economics |
| 260 |
_aWiesbaden : _bGabler, _c1974- |
||
| 300 |
_av. : _c25 cm. |
||
| 310 | _aMonthly <1977- > | ||
| 500 | _aFormerly named as Zeitschrift für Betriebswirtschaft (ZFB) | ||
| 500 | _aKütüphanedeki mevcutlar : vol.78 , 2008 - | ||
| 650 | 0 |
_aIndustrial management _vPeriodicals _969967 |
|
| 650 | 7 |
_aEndüstriyel yönetim _vSüreli yayınlar _2etuturkob _969966 |
|
| 942 | _cCR | ||